000 00278nam a22001217a 4500
008 170814b xxu||||| |||| 00| 0 eng d
041 _aeng
080 _a51
100 _a36
101 _aMAT
245 _aEXURSIONS IN MODERN MATHEMATICS
_cTANNENBAUM.P
942 _2udc
_cBK
999 _c23420
_d23420